The L-Shaped room

Αποθηκεύτηκε σε:
Λεπτομέρειες βιβλιογραφικής εγγραφής
Κύριος συγγραφέας: Johnston, Olivia
Άλλοι συγγραφείς: Banks, Lynne Reid 1929-, Browne, Lance (Εικονογράφος)
Μορφή: Βιβλίο
Γλώσσα:English
Δημοσίευση: Harlow, England : Longman, 1977
Σειρά:Longman structural readers. Fiction ; ; Stage 6
Θέματα:
Ετικέτες: Προσθήκη ετικέτας
Δεν υπάρχουν, Καταχωρήστε ετικέτα πρώτοι!

MARC

LEADER 00000nam a2200000 i 4500
001 1/50747
008 960401s1977 eng d
020 |a 0582538351 
035 |l 10027056 
040 |a GR-MY-UA  |b gre  |e aacr 
041 0 |a eng 
082 0 |a 428.64 
100 1 |a Johnston, Olivia. 
245 1 4 |a The L-Shaped room /  |c Olivia Johnston, Reid Lynne Banks 
260 |a Harlow, England :   |b Longman,   |c 1977 
300 |a 108 p. 
490 1 |a Longman structural readers. Fiction  |v ; Stage 6 
650 0 0 |a English language  |x Readers. 
650 0 0 |a English language  |v Textbooks for foreign speakers. 
700 1 |a Banks, Lynne Reid  |d 1929- 
700 1 |a Browne, Lance.  |4 ill 
830 0 |a Longman structural readers. Fiction ;  |v ; Stage 6 
852 |a INST  |b CHIOS  |e 19960401  |h 428.64 JOH  |p 005200004859  |q 005200004859  |t BK  |y 0 
909 |a Χ  |b 004829